The ageing city (Record no. 121143)

MARC details
000 -LEADER
fixed length control field 00776nas a22002057a 4500
001 - CONTROL NUMBER
control field K121143
007 - PHYSICAL DESCRIPTION FIXED FIELD--GENERAL INFORMATION
fixed length control field ta
008 - FIXED-LENGTH DATA ELEMENTS--GENERAL INFORMATION
fixed length control field 191021b2019 ||||| |||| 00| 0 eng d
041 ## - LANGUAGE CODE
Language code of text/sound track or separate title eng
100 ## - MAIN ENTRY--PERSONAL NAME
Personal author Watson, Stuart
245 ## - TITLE STATEMENT
Title The ageing city
260 ## - PUBLICATION INFORMATION
Date 2019
490 ## - SERIES TITLE
Series statement Modus
Volume June 2019, 26-30(5)
520 ## - ABSTRACT
Abstract Looks at how, with the prediction that 25% of the world's population will be over 65 by 20145, cities need to adapt to serve their needs. Includes an infographic of the growth rates for 10 cities around the world and a feature on Hong Kong which has the longest life expectancy of anywhere in the world.
650 ## - KEYWORDS
Keywords CITIES
650 ## - KEYWORDS
Keywords AGEING POPULATION
650 ## - KEYWORDS
Keywords HONG KONG
651 ## - SUBJECT ADDED ENTRY--GEOGRAPHIC NAME
Geographic name United Kingdom
690 ## - LOCAL SUBJECT ADDED ENTRY--TOPICAL TERM (OCLC, RLIN)
9 (RLIN) 6259
Topical term or geographic name as entry element Planning and development
Holdings
Withdrawn status Lost status Source of classification or shelving scheme Damaged status Not for loan Home library Current library Shelving location Date acquired Total Checkouts Date last seen Price effective from Koha item type
    Dewey Decimal Classification     London London Gallery 21/10/2019   21/10/2019 21/10/2019 Journal article